[Event "World Junior U20 Open 2018"]
[Site "Gebze"]
[Date "2018.09.11"]
[Round "7.27"]
[White "Sawlin, Leonid"]
[Black "Tutisani, Noe"]
[Result "1-0"]
[WhiteElo "2355"]
[BlackElo "2471"]
[Annotator "TA"]
[PlyCount "55"]
[EventDate "2018.09.05"]
[EventType "swiss"]
[EventCountry "TUR"]
[SourceTitle "playchess.com"]
[Source "ChessBase"]
[SourceQuality "1"]

{[%evp 23,55,63,33,17,26,33,240,238,257,277,371,371,438,437,432,430,412,405,404,383,503,503,714,547,539,516,495,493,722,704,856,881,873,864]} 1. e4 c5 2. Nf3 d6 3. d4 cxd4 4. Nxd4 Nf6 5. Nc3 g6 6. Be3 Bg7 7. f3 Nc6 8. Bc4 O-O 9. Qd2 Bd7 10. O-O-O Ne5 11. Bb3 Rc8 12. Kb1 Re8 13. Bg5 {B78: Sicilian Dragon: Yugoslav Attack, 9 Bc4 Bd7 10 0-0-0 Rc8} (13. h4 h5 14. g4 hxg4 15. h5 Nxh5 16. Bh6 e6 17. Rdg1 g3 18. Rxh5 gxh5 19. Rxg3 Ng6 20. Nf5 Bf6 21. Nxd6 {1-0 (46) Vachier Lagrave,M (2703)-Kasimdzhanov,R (2672) San Sebastian 2009 CBM 132 [Stohl,I]}) 13... Rc5 14. f4 $146 ({Predecessor:} 14. Rhe1 b5 15. f4 Nc4 16. Bxc4 bxc4 17. e5 Nd5 18. Ne4 c3 19. Qc1 cxb2 20. Qxb2 Rc4 21. Nxd6 {1-0 (42) Herbrechtsmeier,C (2234)-Schlupp,O (2142) France 2008}) 14... Neg4 $2 {[#]} (14... Nc4 $14 15. Bxc4 Rxc4) 15. Rhe1 $1 $18 {White is clearly better.} e5 16. Nf3 exf4 17. Qxd6 Qc7 18. Qxc7 Rxc7 19. e5 Nh5 20. Nd5 Rcc8 21. h3 Nf2 22. Rd2 {White is clearly winning.} h6 23. Bh4 Nxh3 24. Ne7+ Rxe7 25. Bxe7 Bc6 (25... Bg4 $142 26. e6 fxe6 27. gxh3 Bxh3) 26. e6 {[%cal Be5e6,Be6f7][%mdl 32]} Bf8 27. exf7+ Kg7 28. Be6 {Precision: White = 85%, Black = 20%.} 1-0

[Event "World Junior U20 Open 2018"]
[Site "Gebze"]
[Date "2018.09.11"]
[Round "7.28"]
[White "Kalogeris, Ioannis"]
[Black "Gavrilescu, David"]
[Result "0-1"]
[WhiteElo "2352"]
[BlackElo "2470"]
[Annotator "TA"]
[PlyCount "90"]
[EventDate "2018.09.05"]
[EventType "swiss"]
[EventCountry "TUR"]
[SourceTitle "playchess.com"]
[Source "ChessBase"]
[SourceQuality "1"]

{[%evp 20,90,7,-10,-22,-22,-11,-22,-25,-27,-14,-17,-26,-35,-31,-43,-44,-47,-47,-72,-75,-108,-41,-21,-20,-104,-113,-103,-108,-84,-93,-120,-92,-168,-162,-212,-203,-360,-335,-360,-375,-368,-363,-356,-351,-360,-372,-862,-847,-872,-429,-450,-412,-667,-602,-664,-664,-664,-658,-643,-617,-1120,-1014,-999,-1005,-974,-937,-918,-911,-877,-851,-869,-817]} 1. d4 Nf6 2. c4 e6 3. Nf3 d5 4. Nc3 Bb4 5. e3 O-O 6. Bd3 dxc4 7. Bxc4 c5 8. O-O Nc6 9. a3 Ba5 10. Ne2 cxd4 11. exd4 h6 {E56: Nimzo-Indian: Rubinstein: Main Line: 7...Nc6} 12. Bf4 Bc7 13. Rc1 Bxf4 {The position is equal.} 14. Nxf4 Qd6 15. Qd2 Rd8 {[%cal Rc6d4]} 16. Rfd1 {[#]} Ne7 $146 {[%cal Bc6e7,Be7f5,Bf5d4][%mdl 32]} ({Predecessor:} 16... Bd7 17. h3 Rac8 18. Qe3 Ne7 19. Qe5 Ba4 {½-½ (19) Del Rio de Angelis,S (2489)-Cornette,M (2522) Navalmoral 2010}) 17. Nd3 b6 {[%cal Bb7b6,Bb6b5][%mdl 32]} 18. Nde5 Bb7 19. Qf4 Rac8 20. h4 Bxf3 (20... Nf5 $17 21. Bb3 Bxf3 22. Rxc8 Bxd1 23. Rxd8+ Qxd8 24. Bxd1 Qd6) 21. Qxf3 $15 Nf5 22. Qh3 (22. Qb7 $11 Nd7 23. Nxf7 Kxf7 24. Bxe6+ $1 {[%mdl 512]} Qxe6 25. Rxc8 Rxc8 26. Qxc8) 22... b5 ({But not} 22... Nxd4 $6 {[#]} 23. Nxf7 $1 {[%mdl 512]} Kxf7 24. Rxd4 $1 $11 {[%mdl 512]}) 23. Bf1 Rxc1 24. Rxc1 Nxd4 25. Nd3 a6 26. Nc5 (26. Qh2 $17 {keeps fighting.}) 26... Qf4 $36 {[%mdl 2048] Black is in control.} 27. Rc3 Qd2 {Threatens to win with ...Ne2+.} 28. Rd3 $2 (28. Nb7 {was worth a try.} Rd5 29. Qd3) 28... Qc1 {aiming for ...Ne2+.} ({Don't play} 28... Qxb2 29. Nb3 $19) 29. Rxd4 Rxd4 30. Nb3 Qxb2 31. Nxd4 Qxd4 32. Qf3 g6 33. a4 $2 (33. g3) 33... bxa4 34. Bxa6 Qxh4 (34... Ng4 $142 35. Be2 Kg7) 35. Bb5 Ng4 36. g3 (36. Be8 $142 Qh2+ 37. Kf1) 36... Qh2+ {Black is clearly winning.} 37. Kf1 {[#]} a3 $1 {And now ...Ne3+! would win.} 38. Bc4 (38. Qxa3 Qxf2#) 38... Ne5 39. Qa8+ Kh7 40. Bxe6 fxe6 41. Qb7+ Kg8 42. Qb8+ Kf7 43. Qc7+ Kf6 44. Qd8+ Kg7 45. Qc7+ Nf7 {Precision: White = 12%, Black = 70%.} 0-1

[Event "World Junior U20 Open 2018"]
[Site "Gebze"]
[Date "2018.09.11"]
[Round "7.29"]
[White "Morozov, Nichita"]
[Black "Bashirli, Nail"]
[Result "1/2-1/2"]
[WhiteElo "2452"]
[BlackElo "2354"]
[Annotator "TA"]
[PlyCount "107"]
[EventDate "2018.09.05"]
[EventType "swiss"]
[EventCountry "TUR"]
[SourceTitle "playchess.com"]
[Source "ChessBase"]
[SourceQuality "1"]

{[%evp 20,107,19,7,10,0,0,-11,0,-32,-24,-34,5,0,0,0,0,0,33,0,0,0,0,0,0,0,0,0,0,0,0,0,0,-10,-7,-10,0,-3,-3,-4,0,-4,0,0,0,0,-4,-3,0,0,0,-12,-8,-9,-22,-37,-34,-34,0,0,0,-35,0,-4,0,0,0,0,0,0,0,0,0,0,0,0,0,0,0,0,441,440,360,0,0,0,224,0,0,0]} 1. d4 Nf6 2. Nf3 e6 3. e3 b6 4. Bd3 Bb7 5. O-O c5 6. b3 Be7 7. Bb2 O-O 8. Nbd2 d6 9. Qe2 Nbd7 10. c4 Re8 11. Rad1 Bf8 {E14: Queen's Indian: Classical Variation (4 e3)} (11... Qc7 12. Rfe1 a6 13. a4 Rac8 14. Ng5 h6 15. Nge4 Qb8 16. d5 exd5 17. cxd5 Bxd5 18. Nxf6+ Bxf6 19. Bxf6 Nxf6 20. Bxa6 {½-½ (65) Durarbayli,V (2510)-Rasulov,V (2499) Nakhchivan 2011}) 12. e4 cxd4 13. Bxd4 Qc7 $146 ({Predecessor:} 13... e5 14. Ba1 Nc5 15. b4 Ne6 16. Rfe1 Nf4 17. Qf1 Bc8 18. h3 h6 19. c5 {1-0 (35) Longo,T (1909)-Yearwood,R (2083) Victoria 2012}) 14. e5 dxe5 15. Nxe5 Nc5 16. Bb1 Rad8 17. Bb2 Qe7 18. Ndf3 Nce4 19. h3 Qc7 20. Ng4 Bc5 {And now ...Ng3 would win.} 21. Nxf6+ Nxf6 22. Ne5 Rxd1 23. Rxd1 Rd8 24. Rxd8+ Qxd8 25. Kf1 Qd6 26. Qd3 Ne4 {Threatens to win with ...Nd2+.} 27. Qxd6 Bxd6 28. Bc2 f6 29. Nd3 Kf7 30. f3 Ng3+ 31. Kf2 Nf5 32. b4 Bg3+ 33. Ke2 Nh4 34. Kf1 Nf5 {[#] ...Ne3+ is the strong threat.} 35. Bb3 Ke7 36. a4 e5 37. Nf2 Ne3+ 38. Kg1 Nf5 39. Bc2 Ne3 40. Bb3 Nf5 41. Bc2 g6 42. b5 Nd4 43. Be4 Bxf2+ 44. Kxf2 Bxe4 45. fxe4 $11 {[%mdl 4096] Endgame KB-KN} Nb3 46. Ba3+ Ke6 47. Ke3 h5 48. g4 hxg4 49. hxg4 g5 $2 {[%mdl 8192]} (49... Na5 $11 50. Kd3 Nb7) 50. Bb4 $18 Kd7 51. Bc3 $2 ({Better is} 51. Kd3 $18 Nd4 52. c5) 51... Kd6 {[#] Hoping for ...Kc5.} 52. Bb4+ $2 (52. Bb2 $11) 52... Kd7 $1 53. Bc3 $2 (53. Kd3 $18) 53... Kd6 $11 {White must now prevent ...Kc5.} 54. Bb4+ {Precision: White = 68%, Black = 65%.} 1/2-1/2

[Event "World Junior U20 Open 2018"]
[Site "Gebze"]
[Date "2018.09.11"]
[Round "7.30"]
[White "Mohammad Nubairshah Shaikh"]
[Black "Hollan, Martin"]
[Result "1-0"]
[WhiteElo "2443"]
[BlackElo "2336"]
[Annotator "TA"]
[PlyCount "193"]
[EventDate "2018.09.05"]
[EventType "swiss"]
[EventCountry "TUR"]
[SourceTitle "playchess.com"]
[Source "ChessBase"]
[SourceQuality "1"]

{[%evp 9,193,47,45,26,21,18,75,62,146,133,131,132,135,137,139,141,131,136,160,166,185,147,223,188,241,132,138,135,122,128,148,117,115,95,89,41,55,41,40,35,139,46,46,45,44,41,47,38,81,66,78,81,81,80,87,50,50,50,50,50,44,40,40,40,40,40,40,40,40,40,40,39,42,39,47,47,58,60,54,53,69,69,69,69,69,69,69,69,69,69,69,69,67,67,1445,1438,1445,1445,1438,1438,1097,1232,498,468,520,520,620,472,472,472,472,468,465,465,465,465,461,458,370,204,461,159,111,97,97,89,89,89,89,89,82,60,82,82,82,82,82,81,74,74,74,73,74,74,74,46,65,32,32,24,24,24,24,0,8,8,24,0,0,0,8,0,0,0,0,0,0,0,0,0,0,0,0,0,0,0,0,0,0,0,0,0,0,0,0,0]} 1. c4 c5 2. Nc3 Nc6 3. Nf3 Nd4 4. e3 Nxf3+ 5. Qxf3 g6 {LiveBook: 190 Games} 6. b3 {A35: Symmetrical English: 2 Nc3 Nc6 3 Nf3} (6. d4 Bg7 7. dxc5 Qa5 8. Bd2 Qxc5 9. Bd3 Nf6 10. O-O O-O 11. Rac1 d6 12. h3 Be6 13. e4 Nd7 14. Qe2 {½-½ (32) Nihal,S (2551)-Zubov,A (2611) Ankara 2018}) 6... Bg7 7. Bb2 Nh6 (7... Rb8 $11) 8. g4 $146 {[%cal Bg2g4,Bg4g5][%mdl 32] White is better.} ({Predecessor:} 8. Qd1 O-O 9. Be2 d6 10. O-O Nf5 11. Qc2 Bd7 12. Nd5 Bc6 13. Bxg7 Nxg7 14. Nc3 {½-½ (14) Slipak,S (2420)-Valerga,D (2468) Buenos Aires 2014}) 8... f5 (8... d6 $14) 9. g5 Nf7 10. h4 {[%cal Bh2h4,Bh4h5][%mdl 32]} d6 11. O-O-O e6 12. d4 cxd4 13. exd4 h6 {[#]} 14. h5 $1 Nxg5 15. Qg3 f4 (15... O-O $16 {might work better.}) 16. Qxf4 $18 Rf8 17. Qh4 (17. Qe3 $18) 17... Qf6 $16 18. Nb5 Kd7 19. c5 Qxf2 20. Qxf2 Rxf2 21. Nxd6 gxh5 22. Rxh5 Ke7 23. Ba3 Rxa2 24. Bb2 $1 e5 ({Black should play} 24... b6 $14) 25. Nxc8+ (25. Rh2 $16) 25... Rxc8 $14 26. Kb1 Rxb2+ $1 27. Kxb2 exd4 28. b4 b6 29. Ba6 {[%mdl 1024] White has strong compensation.} Rc7 30. Re1+ Kd8 31. Bb5 {[%csl Gb5][%cal Re1e8]} Rf7 32. Kb3 bxc5 33. bxc5 Bf8 34. Re5 Rf3+ 35. Kc4 Rc3+ 36. Kxd4 Rxc5 $1 37. Rxc5 Ne6+ 38. Kd5 Nxc5 {[%mdl 4096] Endgame KRB-KBN} 39. Rf5 Be7 40. Rf7 a6 41. Be2 (41. Bc4 {is interesting.} a5 42. Kc6 Ne4 43. Rh7 Bg5 44. Ra7) 41... Nd7 42. Bxa6 h5 43. Bb5 h4 44. Rg7 h3 45. Rg3 h2 46. Rh3 Ba3 47. Rxh2 Nf6+ 48. Ke6 Ne4 49. Rh4 Ng5+ 50. Kf5 Nf7 51. Be2 Ke7 $2 {[%mdl 8192]} (51... Nd6+ $14 52. Ke6 Kc7) 52. Rh7 $18 Kf8 {[#]} 53. Bh5 $1 Nd6+ 54. Ke6 Ne4 55. Rf7+ Kg8 56. Rf4 Nc5+ 57. Kd5 Nd7 58. Be8 Nf8 59. Rg4+ Kh7 60. Ke5 Bb2+ 61. Kf5 Bc3 62. Rc4 Ba1 63. Rc7+ Kh6 64. Rf7 (64. Ba4 $142) 64... Bg7 $2 (64... Nh7 65. Bc6 Nf6) 65. Ra7 $2 (65. Ba4 $18) 65... Bb2 66. Ra2 Bc3 67. Rc2 Ba1 68. Rd2 Bc3 69. Rd3 Bb2 70. Bh5 Ba1 71. Bd1 Bb2 72. Rd8 Kg7 73. Rd2 Bc3 74. Rc2 Ba1 75. Bg4 {Threatens to win with Bf3.} Bd4 76. Rc7+ Kh6 77. Ke4 Bb2 78. Bf5 {Strongly threatening Rc2.} Kg5 79. Rf7 Ng6 80. Rb7 Bf6 81. Rb1 Nh4 82. Rg1+ Kh6 83. Bc8 Bg5 {The position is equal.} 84. Bf5 {Bd7 is the strong threat.} Kh5 85. Rb1 Bd2 86. Rb2 Bc3 87. Rc2 ({Less strong is} 87. Rh2 Kg5 $18) 87... Bf6 88. Bd7 Kg5 89. Rc8 {Hoping for Rg8+.} Bg7 90. Rg8 Kf6 91. Be8 Nf5 92. Ba4 {And now Bd7 would win.} Ne7 93. Ra8 {aiming for Ra7.} Kg5 94. Ra5+ Kf6 95. Be8 {Black must now prevent Re5.} Bh8 96. Ra6+ Kg5 97. Re6 {[%mdl 32768] Precision: White = 63%, Black = 56%. . Loss on Time!?} 1-0

[Event "World Junior U20 Open 2018"]
[Site "Gebze"]
[Date "2018.09.11"]
[Round "7.31"]
[White "Escalante Ramirez, Brian Sebasti"]
[Black "Pang, Tao"]
[Result "1-0"]
[WhiteElo "2436"]
[BlackElo "2290"]
[Annotator "TA"]
[PlyCount "69"]
[EventDate "2018.09.05"]
[EventType "swiss"]
[EventCountry "TUR"]
[SourceTitle "playchess.com"]
[Source "ChessBase"]
[SourceQuality "1"]

{[%evp 19,69,5,0,0,0,0,30,0,0,0,34,0,0,0,0,0,26,25,61,63,77,81,69,58,104,104,135,137,142,141,130,135,155,147,215,217,217,237,261,247,243,232,417,395,416,415,392,402,400,393,1615,1482]} 1. e4 e6 2. d4 d5 3. Bd3 dxe4 4. Bxe4 Nf6 5. Bf3 c5 6. Ne2 Nc6 {C01: French: Exchange Variation} 7. Be3 cxd4 (7... Nd5 8. Bxd5 Qxd5 9. Nbc3 Qxg2 10. Rg1 Qf3 11. Nb5 Rb8 12. dxc5 Bd7 13. Nc7+ Kd8 14. Nb5 {0-1 (54) Kramnik,V (2808)-Caruana,F (2808) Stavanger 2017}) 8. Nxd4 Ne5 9. Nc3 Bb4 10. Ndb5 Bd7 {LiveBook: 13 Games} 11. Qd4 Nxf3+ 12. gxf3 Qa5 $146 ({Predecessor:} 12... Bxc3+ 13. Nxc3 Bc6 14. Rg1 Qxd4 15. Bxd4 Nh5 16. O-O-O {1-0 (84) Hector,J (2489)-Sjodahl,P (2414) Sweden 2016}) 13. a3 Bxc3+ 14. Nxc3 {Hoping for Rg1.} e5 15. Qb4 Qxb4 16. axb4 O-O 17. Ra5 Bc6 18. Ke2 e4 19. f4 $1 a6 20. Bd4 Nd7 21. Nd5 Bxd5 22. Rxd5 Rad8 23. Rd1 $36 {[%mdl 2048] [#] And now Bc3 would win. Keeping Black busy.} Nb8 24. Bc5 Rxd5 25. Rxd5 $16 {[%mdl 4096] Endgame KRB-KRN} Re8 26. c4 {[%cal Bc2c4,Bc4b5][%mdl 32]} g6 (26... Rc8 $16 27. Ke3 Re8) 27. b5 $18 axb5 28. cxb5 f5 29. Rd6 Kf7 30. Ba7 Ke7 $2 (30... Rc8 31. Kd2 Ke7) 31. Rb6 Nd7 32. Rxb7 Rc8 33. Kd2 Kd6 34. b6 Kc6 $2 {[#]} (34... Rd8 35. Ke2 h6) 35. Rxd7 $1 {[%mdl 512] Precision: White = 84%, Black = 38%.} 1-0

[Event "World Junior U20 Open 2018"]
[Site "Gebze"]
[Date "2018.09.11"]
[Round "7.32"]
[White "Raja Harshit"]
[Black "Lee, Jun Hyeok"]
[Result "0-1"]
[WhiteElo "2419"]
[BlackElo "2263"]
[Annotator "TA"]
[PlyCount "102"]
[EventDate "2018.09.05"]
[EventType "swiss"]
[EventCountry "TUR"]
[SourceTitle "playchess.com"]
[Source "ChessBase"]
[SourceQuality "1"]

{[%evp 19,102,70,92,79,82,13,7,12,20,4,-12,-6,-10,-63,-74,-85,-54,-54,-55,-58,-44,-61,-39,-30,-16,-18,-12,-9,-16,-42,-26,-64,-29,-15,0,0,0,0,0,0,0,0,0,0,0,0,0,0,0,0,51,47,16,9,37,0,0,-343,-343,-300,-220,-178,-161,-479,-468,-601,-583,-1071,-1010,-2742,-2741,-3565,-3054,-5688,-5073,-4714,-725,-1282,-1233,-1447,-1081,-29970,-29968,-29985,-29986]} 1. e4 g6 2. d4 Bg7 3. Nc3 d6 4. Be3 a6 5. Qd2 b5 6. f3 Bb7 {B06: Modern Defence} (6... Nd7 7. h4 h6 8. Nh3 Nb6 9. O-O-O b4 10. Nd5 Nxd5 11. exd5 Bxh3 12. Rxh3 Nf6 13. Bc4 Qb8 14. g4 Qb7 15. Kb1 Nxd5 16. Bxd5 Qxd5 17. Qxb4 {0-1 (69) Kryvoruchko,Y (2689)-Petrosian,T (2601) Riadh 2017}) 7. O-O-O Nd7 8. Kb1 Rc8 9. h4 h6 10. Nh3 c5 {LiveBook: 3 Games} 11. dxc5 Nxc5 12. Bd4 (12. h5 $16) 12... Bxd4 $11 13. Qxd4 Nf6 14. Nd5 $146 ({Predecessor:} 14. g4) 14... Bxd5 15. exd5 Qb6 16. f4 (16. g4 $11 Na4 17. Qd2) 16... Na4 $15 17. Be2 Qxd4 ({Reject} 17... Qc7 $6 18. c3 $11) (17... Rc5 {keeps more tension.} 18. Bf3 O-O 19. c3 Rfc8 20. Ka1 b4) 18. Rxd4 Nb6 19. Bf3 Rc4 20. Rd3 Kd7 21. g4 {[%cal Bg2g4,Bg4g5][%mdl 32]} h5 22. g5 $1 {[%cal Rg5f6]} Ng4 $1 23. b3 Rc5 24. c3 a5 25. Rhd1 Rhc8 26. Kb2 $1 b4 {[%cal Rc5c3]} 27. c4 a4 28. Bxg4+ hxg4 29. Nf2 Rh8 30. Re1 Rxh4 {And now ...Rh2 would win.} 31. Rde3 {[#]} e6 $1 {[%mdl 512]} 32. dxe6+ fxe6 33. Rxe6 a3+ 34. Kc2 {aiming for Nd3.} Rh2 ({Black should play} 34... Nd5 $11 35. Nd3 (35. Rxg6 $2 Rh2 $19) 35... Rh2+ 36. R6e2 Rxe2+ 37. Rxe2 Rc8) 35. Re7+ $1 $14 Kc6 36. R7e2 $1 {Hoping for Nd3.} Nxc4 $1 37. bxc4 Rxc4+ 38. Kb3 $2 {[%mdl 8192]} (38. Kd2 $11 {and White is okay.}) 38... Kb5 $19 {[%csl Gb4][%cal Rc4c3]} ({Weaker is} 38... Rxf4 39. Nd3 $11) 39. Nd1 Rxe2 40. Rxe2 Rxf4 {[%mdl 4096] Endgame KRN-KR} 41. Kc2 $2 {[#]} (41. Re3 {was the crucial defense.}) 41... g3 $1 42. Kd3 Rf3+ 43. Kc2 d5 44. Kd2 b3 45. Nc3+ Kc4 46. axb3+ Kxb3 47. Re8 Rf4 (47... Rxc3 $142 48. Rb8+ Ka2 49. Kxc3 g2) 48. Ne2 g2 49. Re3+ Kb4 50. Re8 a2 51. Ra8 Rf2 {Precision: White = 29%, Black = 75%.} 0-1

[Event "World Junior U20 Open 2018"]
[Site "Gebze"]
[Date "2018.09.11"]
[Round "7.33"]
[White "Wadsworth, Matthew J"]
[Black "Gokerkan, Cem Kaan"]
[Result "0-1"]
[WhiteElo "2351"]
[BlackElo "2416"]
[Annotator "TA"]
[PlyCount "70"]
[EventDate "2018.09.05"]
[EventType "swiss"]
[EventCountry "TUR"]
[SourceTitle "playchess.com"]
[Source "ChessBase"]
[SourceQuality "1"]

{[%evp 9,70,24,21,0,0,0,0,-30,-18,-15,-8,-53,-57,-61,-61,-64,-55,-58,-49,-81,-64,-94,-94,-200,-214,-263,-264,-317,-322,-308,-317,-369,-240,-248,-261,-321,-271,-395,-380,-457,-462,-454,-454,-478,-458,-616,-625,-616,-610,-604,-610,-683,-640,-795,-768,-829,-833,-960,-922,-1037,-1003,-979,-979]} 1. g3 g6 2. Bg2 Bg7 3. d4 c5 4. d5 d6 5. e4 b5 6. a4 {A43: Schmid Benoni} b4 7. Nd2 Ba6 $146 ({Predecessor:} 7... a5 8. Rb1 Nd7 9. b3 Nb6 10. Ne2 Ba6 {0-1 (27) Pfleger,S (2214)-Lazarev,V (2477) Bethune 2002}) 8. Bf1 {The position is equal.} (8. Ne2 {keeps more tension.} Nd7 9. Rb1 Ngf6 10. O-O h5 11. h3) 8... Bxf1 9. Kxf1 Nf6 10. Qf3 O-O $36 {[%mdl 2048] Black fights for an advantage.} 11. Ne2 e6 12. Nc4 exd5 13. exd5 Nbd7 14. Bg5 Re8 15. Rd1 Ne5 16. Qb3 (16. Nxe5 $17 Rxe5 17. h4) 16... Qd7 $19 {[#] And now ...Qh3+ would win.} 17. Bxf6 Bxf6 18. h4 Nxc4 19. Qxc4 Bxb2 20. h5 Qe7 21. hxg6 hxg6 ({Don't play} 21... fxg6 22. Nf4) 22. Rh4 Kg7 23. Qd3 (23. c3 $142) 23... Rh8 24. Re4 Rh1+ {Black is clearly winning.} 25. Ng1 Qd7 26. g4 Re8 27. Kg2 Rxe4 28. Qxe4 Rh4 29. f3 Qxa4 30. Nh3 Qd7 31. Kg3 Rh8 32. Re1 a5 {[%cal Ba7a5,Ba5a4][%mdl 32]} 33. f4 a4 34. f5 Bf6 35. Kg2 g5 {Precision: White = 14%, Black = 89%.} 0-1

[Event "World Junior U20 Open 2018"]
[Site "Gebze"]
[Date "2018.09.11"]
[Round "7.34"]
[White "Garayev, Kanan"]
[Black "Agibileg, Uurtsaikh"]
[Result "1-0"]
[WhiteElo "2404"]
[BlackElo "2321"]
[Annotator "TA"]
[PlyCount "73"]
[EventDate "2018.09.05"]
[EventType "swiss"]
[EventCountry "TUR"]
[SourceTitle "playchess.com"]
[Source "ChessBase"]
[SourceQuality "1"]

{[%evp 25,73,56,63,15,0,17,15,9,70,70,104,106,94,90,135,116,140,83,136,161,156,95,103,108,302,313,284,255,262,268,308,331,318,305,414,414,413,266,385,345,822,789,1310,1310,1156,923,915,908,845,830]} 1. d4 Nf6 2. c4 g6 3. g3 Bg7 4. Bg2 O-O 5. Nf3 d6 6. Nc3 Nbd7 7. O-O e5 8. e4 exd4 9. Nxd4 Re8 10. h3 Nc5 11. Re1 Bd7 12. Bf4 Qc8 13. Kh2 {E68: Königsindisch (Hauptvariante des g3-Systems mit e2-e4)} h6 {LiveBook: 8 Partien} 14. b4 Ne6 15. Nxe6 {Die Stellung ist ausgeglichen.} Bxe6 16. Nd5 g5 $146 (16... Nh5 $11) ({Vorgänger:} 16... Nh5 17. Be3 Bxa1 18. Qxa1 Bxd5 19. cxd5 Kh7 20. Qc1 c6 21. dxc6 Qxc6 {0-1 (39) Truskavetsky,A (2394)-Shimanov,A (2480) Alushta 2008}) 17. Bd2 $14 Nd7 18. Rc1 c6 19. Ne3 Qd8 20. f4 {Schwarz muss nun f5 beachten.} b5 21. Nf5 ({Lieber} 21. cxb5 gxf4 22. gxf4 cxb5 23. Nf5) 21... Bxf5 (21... gxf4 $142 22. gxf4 (22. Bxf4 Bxf5 23. exf5 Rxe1 $16) 22... Bxf5 23. exf5 Rc8) 22. exf5 $16 Rxe1 23. Qxe1 (23. Bxe1 $142 {Und cxb5 würde nun gewinnen.} bxc4 24. Rxc4) 23... bxc4 24. Rxc4 Nb6 $2 {[#]} (24... gxf4 $16 {kämpft weiter.} 25. gxf4 (25. Bxf4 Ne5 $16) 25... d5 26. Rxc6 Nf6) 25. Rxc6 $18 d5 26. fxg5 hxg5 27. b5 {[%cal Bb4b5,Bb5c6,Bc6c7][%mdl 32]} Rc8 28. Qc1 Bf6 29. Ba5 Rxc6 30. bxc6 ({Schwächer ist} 30. Qxc6 d4 $16) 30... Be5 31. Qc5 Qc7 (31... Kg7 {ist eine bessere Verteidigung.} 32. Bb4 f6) 32. Qe3 Qd6 $2 (32... Qe7 33. Bc3 f6) 33. Qxg5+ {Weiß steht klar auf Gewinn.} Kh7 {[#]} 34. c7 $1 Nc8 (34... Qxc7 35. f6) 35. f6 Qxf6 36. Qxf6 Bxf6 37. Bxd5 {Precision: Weiß = 93%, Schwarz =  9%.} 1-0

[Event "World Junior U20 Open 2018"]
[Site "Gebze"]
[Date "2018.09.11"]
[Round "7.35"]
[White "Kamer, Kayra"]
[Black "Lagunow, Raphael"]
[Result "0-1"]
[WhiteElo "2205"]
[BlackElo "2403"]
[Annotator "ChessBase"]
[PlyCount "80"]
[EventDate "2018.09.05"]
[EventType "swiss"]
[EventCountry "TUR"]
[SourceTitle "playchess.com"]
[Source "ChessBase"]
[SourceQuality "1"]
[TimeControl "40/5400+30:1800+30"]

1. Nf3 {[%emt 0:00:30]} c5 {[%emt 0:03:30]} 2. c4 {[%emt 0:00:00]} g6 {[%emt 0:00:30]} 3. d4 {[%emt 0:00:00]} cxd4 {[%emt 0:00:30]} 4. Nxd4 {[%emt 0:00:30]} Bg7 {[%emt 0:00:30]} 5. g3 {[%emt 0:00:00]} Nc6 {[%emt 0:00:30]} 6. Nb3 {[%emt 0:00:00]} d6 {[%emt 0:07:30]} 7. Bg2 {[%emt 0:00:30]} Bd7 {[%emt 0:03:30]} 8. O-O {[%emt 0:00:30]} b6 {[%emt 0:01:30]} 9. Nc3 {[%emt 0:02:30]} Rc8 {[%emt 0:05:30]} 10. f4 {[%emt 0:01:30]} Bxc3 {[%emt 0:09:30]} 11. bxc3 {[%emt 0:00:00]} Nf6 {[%emt 0:01:30]} 12. e4 {[%emt 0:01:00]} Be6 {[%emt 0:02:30]} 13. Nd4 {[%emt 0:04:30]} Nxd4 {[%emt 0:05:30]} 14. cxd4 {[%emt 0:00:30]} Bxc4 {[%emt 0:00:30]} 15. Re1 {[%emt 0:00:30]} d5 {[%emt 0:00:30]} 16. e5 {[%emt 0:03:30]} Ne4 {[%emt 0:02:30]} 17. f5 {[%emt 0:02:30]} gxf5 {[%emt 0:22:30]} 18. Qh5 {[%emt 0:00:00]} Qd7 {[%emt 0:02:30]} 19. Bh6 {[%emt 0:05:00]} Rg8 {[%emt 0:03:30]} 20. Bf4 {[%emt 0:00:00]} Qe6 {[%emt 0:03:30]} 21. Bh3 {[%emt 0:02:00]} Qg6 {[%emt 0:00:30]} 22. Qf3 {[%emt 0:01:30]} h5 {[%emt 0:02:30]} 23. Rac1 {[%emt 0:03:30]} h4 {[%emt 0:01:05]} 24. Kg2 {[%emt 0:06:30]} hxg3 {[%emt 0:02:11]} 25. hxg3 {[%emt 0:00:00]} e6 {[%emt 0:03:31]} 26. Rh1 {[%emt 0:01:00]} Kd7 {[%emt 0:01:31]} 27. Qa3 {[%emt 0:00:00]} Nxg3 {[%emt 0:03:22]} 28. Qxa7+ {[%emt 0:10:00]} Rc7 {[%emt 0:02:13]} 29. Qa4+ {[%emt 0:00:00]} b5 {[%emt 0:00:59]} 30. Qa3 {[%emt 0:00:00]} Ne2+ {[%emt 0:05:09]} 31. Kh2 {[%emt 0:00:30]} b4 {[%emt 0:03:32]} 32. Qa4+ {[%emt 0:07:30]} Kd8 {[%emt 0:00:30]} 33. Rb1 {[%emt 0:00:30]} Nxd4 {[%emt 0:00:31]} 34. Qd1 {[%emt 0:01:30]} Bd3 {[%emt 0:00:30]} 35. Rb2 {[%emt 0:01:30]} Rc1 {[%emt 0:00:35]} 36. Rg2 {[%emt 0:07:30]} Rxd1 {[%emt 0:00:05]} 37. Rxd1 {[%emt 0:00:30]} Nf3+ {[%emt 0:00:30]} 38. Kh1 {[%emt 0:00:00]} Qh7 {[%emt 0:00:00]} 39. Rxg8+ {[%emt 0:01:00]} Qxg8 {[%emt 0:00:16]} 40. Rxd3 {[%emt 0:00:00]} Qg1# {[%emt 0:00:06]} 0-1